Applied pharmaceutical practice (Record no. 8237)
[ view plain ]
| 000 -LEADER | |
|---|---|
| fixed length control field | 00474nam a22001697a 4500 |
| 020 ## - INTERNATIONAL STANDARD BOOK NUMBER | |
| ISBN | 9789355871688 |
| 050 ## - CALL NUMBER | |
| Classification number | RS100 |
| Item number | .K89 |
| 100 ## - AUTHOR | |
| Personal name | Krishnan Rohith V. |
| 245 ## - TITLE | |
| Title | Applied pharmaceutical practice |
| Statement of responsibility, etc | Krishnan Rohith V. |
| 260 ## - PUBLICATION INFORMATION | |
| Place of publication | Uttar Pradesh India |
| Name of publisher | Universal Pub. |
| Year of publication | 2022 |
| 300 ## - DESCRIPTION | |
| Number of Pages | 270p. |
| Dimensions | 20cm. |
| 500 ## - NOTES | |
| General note | Includes index |
| 650 ## - SUBJECTS | |
| Topical Term | Nursing |
| 650 ## - SUBJECTS | |
| Topical Term | Pharmacy -- Practice. Pharmacology. |
| 650 ## - SUBJECTS | |
| Topical Term | MEDICAL -- Drug Guides. V |
| 942 ## - ADDED ENTRY ELEMENTS (KOHA) | |
| Koha item type | Books |
| Withdrawn status | Lost status | Collection code | Home library | Current library | Shelving location | Date acquired | Source of acquisition | Cost, normal purchase price | Full call number | Accession Number | Koha item type |
|---|---|---|---|---|---|---|---|---|---|---|---|
| Reference | Methodist University Library Main | Methodist University Library Main | General Stacks | 20/01/2022 | Universal Pub. | 650.00 | RS100 .K89 | 8692 | Books | ||
| Reference | Methodist University Library Main | Methodist University Library Main | General Stacks | 20/01/2022 | Universal Pub. | 650.00 | RS100 .K89 | 8693 | Books |